Представление документа в формате RUSMARC

Поле Инд. ПП Название Значение
Тип записи a
Библиографический уровень a
001 _ Контрольный номер RU/REP/BASE/00004340
005 _ Дата корректировки 20181104132000.9
200 a Заглавие Становление института досрочного пенсионного обеспечения педагогических работников
f Первые сведения об ответственности Сивакова И.В.
b Общее обозначение материала Текст
210 d Дата издания 2015
461 _0 1 001RU/REP/BASE/00010629
1 2001
a Закон и право
463 1 20002
a №7.
v С. 101-105
1 210
d 2015
610 a Ключевые слова ТРУДОВОЕ ПРАВО РФ, ПРИРОДОПОЛЬЗОВАНИЕ, ПЕНСИОННОЕ ОБЕСПЕЧЕНИЕ, ОТДЕЛЬНЫЕ КАТЕГОРИИ РАБОТНИКОВ, ПЕДАГОГИКА
700 _1 a Фамилия Сивакова
b Имя И.В.
901 t Тип документа b
w Контрольный № источника 212124b945ea4b27bcf038d1bf22084c